Panorama ecológico; módulo 1: el planeta tierra /
Guardado en:
| Autor Principal: | |
|---|---|
| Otros Autores: | |
| Formato: | Libro |
| Publicado: |
Buenos Aires :
Estrada,
1993
|
| Series: | Doce + 1
|
| Materias: | |
| Etiquetas: |
Agregar Etiqueta
Sin Etiquetas, Sea el primero en etiquetar este registro!
|
| LEADER | 01241nam a22002535a 4500 | ||
|---|---|---|---|
| 001 | CEM.cems016281 | ||
| 008 | 130507s1993##################000#0#####d | ||
| 005 | 20230627113011.0 | ||
| 245 | 1 | 0 | |a Panorama ecológico; módulo 1: el planeta tierra / |c María Teresa Tabares de Paladini y Mirta J García de Ricart |
| 260 | |a Buenos Aires : |b Estrada, |c 1993 | ||
| 300 | |a 36 p. | ||
| 490 | 0 | |a Doce + 1 | |
| 500 | |a Cuaderno de actividades. | ||
| 505 | 0 | |a Modelos y estructuras: la materia -- Origen de la Tierra -- Estructura básica de la materia -- Los seres vivos -- Los seres vivos: funciones vitales -- Diversidad de los seres vivos -- El suelo: la cubierta sólida del planeta -- Composición y propiedades -- El suelo y los seres vivos | |
| 100 | 1 | |a Tabares de Paladini, María Teresa | |
| 700 | 1 | |a García de Ricart, María Teresa | |
| 082 | 0 | 4 | |a 574 |
| 653 | |a Biología | ||
| 653 | |a Ecología | ||
| 653 | |a Contaminación aire, agua, tierra | ||
| 859 | |a CEMS |b BIB. CEMS - 11 de abril |h 574 |i T111-1/1 |p 17378.93 |t Ej.1 | ||
| 859 | |a CEMS |b BIB. CEMS - 11 de abril |h 574 |i T111/1 |p 17375.93 |t Ej.1 | ||
| 859 | |a CEMS |b BIB. CEMS - Agricultura |h 574 |i T111-1 |p A1668.12 |t Ej.1 |v 1 |3 1 | ||
| 859 | |a CEMS |b BIB. CEMS - Agricultura |h 574 |i T111-1 |p A1669.12 |t Ej.2 |v 1 |3 1 | ||
